000 00481nam a2200181 i 4500
001 bg
100 1 _aBIELECKI, Jan
_d(?-2001).
245 0 _aGrafika Turbo :
_bod Turbo Pascala 4.0 do Turbo C 1.5 /
_cJ. Bielecki.
260 _aWarszawa,
_c1989.
650 9 _aPascal
650 9 _aC (język programowania)
655 _aPodręczniki
040 _cBPK
041 _apol
080 _a681.322.06:681.327:741/744:514
942 _cKS
008 s pl f |000 0 pol
999 _c10250
_d10250
856 _uhttp://koha.tu.koszalin.pl/cgi-bin/koha/opac-detail.pl?biblionumber=10250
_yKatalog online BPK